000 00424nam a2200169Ia 4500
001 8151
003 GE_BSU
008 181216s||||||||xx |||||||||||||| ||und||
040 _cGE_BSU
080 _aპერიოდიკა
245 4 _aThe Economist, October 26th.Number 8859. 2013
260 _aParis
260 _c2013.
300 _a90p;27sm.
653 _aThe Economist, October 26th.Number 8859. 2013
942 _cCR
999 _c41484
_d41484